000 00729nam a22002177a 4500
999 _c14009
_d14009
003 AR-CdUCM
008 190417b ||||| |||| 00| 0 spa d
040 _aMUNICIPALIDAD PROVINCIAL DEL CUSCO
_cBIBLIOTECA MUNICIPAL DEL CUSCO
082 _aPI / 371 /
_bF57
100 _aFletcher, Corina
_932667
245 _a¡Un libro pop-up y una estera para jugar! :
_bLa aventura del castillo /
260 _aAlemania :
_bLibro pop-up.
300 _bilustraciones, estera 3d, figuritas,
_c20 cm.
500 _aLibro juego.
650 _aJuego infantil
_932668
650 _aCuentos infamtiles
_932669
700 _aTeckentrup, Brita (coautora)
_932670
710 _aCombel.
_932671
942 _2ddc
_cLIBROS
945 _aachl
_d2019-04-17